| 000 | 01220 a2200217 4500 | ||
|---|---|---|---|
| 001 | 33438 | ||
| 005 | 20260407155626.0 | ||
| 008 | 260407a1997 arg spa d | ||
| 003 | AR-UNSa-BCEJYS | ||
| 040 |
_aAR-UNSa-BCEJYS _bspa _cAR-UNSa-BCEJYS |
||
| 080 |
_a658.51 _xOrganización de la producción |
||
| 245 | 1 | 0 |
_aManufactura de categoria mundial _paplicación de las últimas técnicas para optimizar la producción |
| 020 | _a958-04-3168-X | ||
| 264 | 1 |
_aBogotá : _bGrupo Editorial Norma _c1997 |
|
| 300 |
_a292 p. _c19 cm. |
||
| 505 | _a1. Más rápido, más alto, más fuerte - 2. Operadores de línea y datos de operación - 3. Los funcionarios como actores secundarios - 4. Sobreestimación del papel del capital(automatización en cámara lenta) - 5. La economía de múltiplos - 6. Centro de responsabilidad - 7. Enfoque sobre la calidad - 8. La influencia del diseño - 9. Socios en las ganancias: proveedores, transportadores, clientes - 10. Modelos sencillos, sistemas sencillos - 11. Como dirigir la transformación - 12. Capacitación: El catalizador - 13. La estratgia revelada | ||
| 041 | _aspa | ||
| 942 | _cBK | ||
| 590 | _aniveau_biblio:m niveau_hierar:0 | ||
| 100 | 1 | _aSchonberger, Richard J. | |
| 999 |
_c2351 _d2351 |
||